000 00653nam a2200229 a 4500
001 000028863
003 DO-SdBNP
005 20240509185222.0
007 ta
008 110412s1977 dr a 000 0 spa d
040 _aDO-SdBNP
_bspa
_cBNPHU
082 _222
_aF-
_bC292c
100 1 _aCaro Álvarez, José A.
_937866
245 1 0 _aLa cohoba /
_cJosé A. Caro Álvarez.
260 _aSanto Domingo :
_bMuseo del Hombre Dominicano,
_c1977.
300 _a[14] p. :
_bil. ;
_c22 cm.
590 _aInventariado, 2023 / DG
650 4 0 _aAntropología
_985431
650 4 _aArqueología
_zRepública Dominicana
_934684
910 _aDG
942 _2ddc
_cLF2
999 _c28355
_d28355